[Event "Hastings Masters"]
[Site "?"]
[Date "2010.01.04"]
[Round "8.29"]
[White "Kwiatkowski, Feliks"]
[Black "Gregory, Stephen J"]
[Result "1-0"]
[WhiteElo "2248"]
[BlackElo "2126"]
[PlyCount "37"]
[EventDate "2010.??.??"]
[SourceDate "2010.01.04"]

1. e4 d5 2. exd5 Qxd5 3. Nc3 Qa5 4. d4 Nf6 5. Nf3 Bg4 6. h3 Bxf3 7. Qxf3 c6 8.
Bc4 e6 9. Bd2 Qb6 10. O-O-O Be7 11. g4 O-O 12. g5 Nd5 13. Rhg1 Nxc3 14. Bxc3
Qd8 15. Qh5 Nd7 16. Rg4 b5 17. d5 cxd5 18. Bd3 g6 19. Qxh7+ 1-0

[Event "Hastings Masters"]
[Site "?"]
[Date "2010.01.04"]
[Round "8.30"]
[White "Grant, Alan G"]
[Black "Nilsen, Joachim Birger"]
[Result "1-0"]
[WhiteElo "2236"]
[BlackElo "2126"]
[PlyCount "76"]
[EventDate "2010.??.??"]
[SourceDate "2010.01.04"]

1. Nf3 d6 2. c4 f5 3. g3 Nf6 4. Bg2 g6 5. O-O Bg7 6. Nc3 O-O 7. Rb1 a5 8. a3 e5
9. d3 h6 10. b4 axb4 11. axb4 g5 12. Bb2 Qe8 13. c5 Kh8 14. cxd6 cxd6 15. Nd2
Qe7 16. Nc4 Be6 17. Nb6 Ra6 18. Nbd5 Qf7 19. Nxf6 Bxf6 20. b5 Ra8 21. Ra1 Rxa1
22. Qxa1 d5 23. Qa7 f4 24. Na4 Bg4 25. Re1 Bg7 26. Qc5 Nd7 27. Qa7 b6 28. f3
fxg3 29. hxg3 Qf6 30. Rc1 Bf5 31. Rc6 Qd8 32. Nxb6 Nb8 33. Rc7 Bf6 34. Na4 Nd7
35. Nc5 Nxc5 36. Qxc5 d4 37. Ba3 Re8 38. b6 h5 {remaining moves illegible} 1-0

[Event "Hastings Masters"]
[Site "?"]
[Date "2010.01.04"]
[Round "8.31"]
[White "Ledger, David J"]
[Black "Gibson, Christopher A"]
[Result "1-0"]
[WhiteElo "2227"]
[BlackElo "1964"]
[PlyCount "69"]
[EventDate "2010.??.??"]
[SourceDate "2010.01.04"]

1. e4 c5 2. Nf3 Nc6 3. d4 cxd4 4. Nxd4 Nf6 5. Nc3 e5 6. Ndb5 d6 7. Bg5 a6 8.
Na3 b5 9. Nd5 Be7 10. Bxf6 Bxf6 11. c4 b4 12. Nc2 a5 13. Be2 Bg5 14. Qd3 O-O
15. O-O Kh8 16. Bf3 Ne7 17. Nxe7 Qxe7 18. a3 bxa3 19. Nxa3 f5 20. Nb5 Ra6 21.
Rfd1 Bb7 22. Re1 Qf6 23. Re2 Qh6 24. Rd1 Rd8 25. exf5 Bxf3 26. Qxf3 Raa8 27.
Nxd6 Qf6 28. Qd5 Rf8 29. Qxe5 Qxe5 30. Rxe5 Bf6 31. f4 Rab8 32. Rd2 Kg8 33. c5
Rbd8 34. Red5 Rb8 35. c6 1-0

[Event "Hastings Masters"]
[Site "?"]
[Date "2010.01.04"]
[Round "8.32"]
[White "Furman, Boris"]
[Black "Barton, R Alan"]
[Result "1-0"]
[WhiteElo "2223"]
[BlackElo "2119"]
[PlyCount "107"]
[EventDate "2010.??.??"]
[SourceDate "2010.01.04"]

1. d4 d5 2. c4 e5 3. dxe5 d4 4. Nf3 Nc6 5. a3 Bg4 6. Nbd2 f6 7. exf6 Nxf6 8.
Nb3 Qd7 9. e3 O-O-O 10. exd4 Bxf3 11. Qxf3 Nxd4 12. Nxd4 Qxd4 13. Be2 Qe4 14.
O-O Bc5 15. b4 Bd4 16. Ra2 Rhf8 17. Rd2 Be5 18. Qxe4 Nxe4 19. Rxd8+ Kxd8 20.
Be3 b6 21. Rd1+ Ke7 22. Bf3 Nf6 23. g3 Rd8 24. Rxd8 Kxd8 25. g4 h6 26. h4 Bb2
27. a4 Bc3 28. b5 Nd7 29. h5 Bf6 30. Bd1 Nc5 31. Bc2 Ke7 32. a5 Ne6 33. axb6
axb6 34. Bf5 Nd4 35. Be4 Ne6 36. Bd5 Nc5 37. Kg2 Nd3 38. Kf3 Ne5+ 39. Kf4 Nd7
40. Kf5 Bc3 41. f4 Nf6 42. Bf3 Ne8 43. Kg6 Nf6 44. g5 hxg5 45. fxg5 Nd7 46. Kf5
Nf8 47. Bd5 Nd7 48. Bf4 Kd8 49. Ke6 Nc5+ 50. Kf7 Kd7 51. h6 gxh6 52. gxh6 Nd3
53. Be6+ Kd8 54. Bg5+ 1-0

[Event "Hastings Masters"]
[Site "?"]
[Date "2010.01.04"]
[Round "8.34"]
[White "Martinsen, Stig K"]
[Black "Brechin, Hugh"]
[Result "1-0"]
[WhiteElo "2240"]
[BlackElo "2025"]
[PlyCount "57"]
[EventDate "2010.??.??"]
[SourceDate "2010.01.04"]

1. d3 c5 2. f4 d5 3. Nf3 Nc6 4. g3 Nf6 5. Bg2 e6 6. O-O Be7 7. Qe1 O-O 8. e4
Qc7 9. Nc3 a6 10. Bd2 b5 11. exd5 exd5 12. Ne5 Nd4 13. Nxd5 Nxd5 14. Bxd5 Bh3
15. Bxa8 Rxa8 16. Qe4 Rd8 17. c3 f5 18. Qh1 Bxf1 19. Kxf1 Ne6 20. Qc6 Qd6 21.
Qxd6 Bxd6 22. Nf3 Bc7 23. Ke2 g6 24. a4 Re8 25. Kd1 b4 26. cxb4 cxb4 27. Bxb4
a5 28. Ba3 Rd8 29. Kd2 1-0

[Event "Hastings Masters"]
[Site "?"]
[Date "2010.01.04"]
[Round "8.35"]
[White "Jaunooby, Ali R"]
[Black "Pickersgill, Adrian O"]
[Result "0-1"]
[WhiteElo "2171"]
[BlackElo "2014"]
[PlyCount "68"]
[EventDate "2010.??.??"]
[SourceDate "2010.01.04"]

1. d4 d6 2. Nf3 Bg4 3. Bf4 Nd7 4. Nbd2 e6 5. h3 Bh5 6. c3 Be7 7. Qb3 Rb8 8.
O-O-O b5 9. e4 Ngf6 10. Bd3 a5 11. Qc2 O-O 12. g4 Bg6 13. Nh4 e5 14. Be3 c5 15.
d5 c4 16. Nxg6 fxg6 17. Be2 Qc7 18. h4 Nc5 19. h5 Nd3+ 20. Bxd3 cxd3 21. Qxd3
Nxg4 22. hxg6 h6 23. Rdg1 Nxf2 24. Qf1 Nxh1 25. Qh3 Nf2 26. Qh5 Rf4 27. Qe2
Nxe4 28. Bxf4 Nxc3 29. bxc3 Qxc3+ 30. Kb1 Qb4+ 31. Ka1 Qd4+ 32. Kb1 Qxg1+ 33.
Nf1 Qxg6+ 34. Kb2 exf4 0-1

[Event "Hastings Masters"]
[Site "?"]
[Date "2010.01.04"]
[Round "8.36"]
[White "Tari, Aryan"]
[Black "Salimbeni, George P W"]
[Result "0-1"]
[WhiteElo "1932"]
[BlackElo "2162"]
[PlyCount "38"]
[EventDate "2010.??.??"]
[SourceDate "2010.01.04"]

1. e4 g6 2. d4 Bg7 3. Nf3 d6 4. Be3 Nd7 5. Bd3 b6 6. O-O Bb7 7. Nbd2 e6 8. c3
Ngf6 9. h3 O-O 10. Nh2 e5 11. f4 exd4 12. cxd4 Re8 13. e5 dxe5 14. fxe5 Nxe5
15. dxe5 Qxd3 16. exf6 Qxe3+ 17. Kh1 Rad8 18. Nhf3 Bxf6 19. Re1 Bxf3 0-1

[Event "Hastings Masters"]
[Site "?"]
[Date "2010.01.04"]
[Round "8.37"]
[White "Goodger, Martyn"]
[Black "Hoare, Amy"]
[Result "1-0"]
[WhiteElo "2147"]
[BlackElo "1797"]
[PlyCount "61"]
[EventDate "2010.??.??"]
[SourceDate "2010.01.04"]

1. e4 e5 2. Nf3 Nc6 3. d4 exd4 4. Nxd4 Nf6 5. Nxc6 bxc6 6. e5 Qe7 7. Qe2 Nd5 8.
c4 Nb6 9. Nc3 a5 10. Bd2 Ba6 11. b3 Qe6 12. Qe4 g6 13. Bd3 Bg7 14. f4 O-O 15.
O-O f6 16. exf6 Qxf6 17. Kh1 Rae8 18. Qf3 Qd4 19. Rac1 Rf7 20. Ne2 Qc5 21. Ng3
Bc8 22. Ne4 Qa3 23. Bb1 d5 24. Ng5 Bb2 25. Nxf7 Bxc1 26. Bxc1 Qc5 27. Nh6+ Kg7
28. f5 gxf5 29. Qg3+ Kf8 30. Qg8+ Ke7 31. Re1+ 1-0

[Event "Hastings Masters"]
[Site "?"]
[Date "2010.01.04"]
[Round "8.38"]
[White "Tozer, Philip"]
[Black "Kirk, Jason"]
[Result "1/2-1/2"]
[WhiteElo "2106"]
[BlackElo "1994"]
[PlyCount "82"]
[EventDate "2010.??.??"]
[SourceDate "2010.01.04"]

1. c4 e5 2. g3 f5 3. Nf3 Nc6 4. d4 Bb4+ 5. Nc3 exd4 6. Nxd4 Nxd4 7. Qxd4 Qf6 8.
Qe3+ Ne7 9. Bd2 O-O 10. a3 f4 11. Qf3 Bxc3 12. Bxc3 Qe6 13. gxf4 d6 14. Rg1 Ng6
15. e3 Rxf4 16. Qg3 Rf7 17. O-O-O Qe7 18. Bg2 Be6 19. Bxb7 Raf8 20. Be4 Rxf2
21. Bxg6 hxg6 22. Qxg6 R8f7 23. e4 Bxc4 24. h4 Bb3 25. Rde1 Qe6 26. Qxe6 Bxe6
27. Rg6 Bb3 28. Reg1 Rf1+ 29. Rxf1 Rxf1+ 30. Kd2 Rf7 31. h5 Kh7 32. Rg5 Re7 33.
Ra5 Kh6 34. Kd3 Ba2 35. Bd2+ Kh7 36. Kc2 Rxe4 37. b3 c5 38. Rxa7 c4 39. bxc4
Bxc4 40. h6 Rg4 41. a4 Kg8 1/2-1/2

[Event "Hastings Masters"]
[Site "?"]
[Date "2010.01.04"]
[Round "8.40"]
[White "Norinceviciute, Rasa"]
[Black "Webb, Matthew"]
[Result "0-1"]
[WhiteElo "2027"]
[BlackElo "1987"]
[PlyCount "121"]
[EventDate "2010.??.??"]
[SourceDate "2010.01.04"]

1. c4 g6 2. g3 Bg7 3. Bg2 d6 4. Nc3 e5 5. e4 Ne7 6. Nge2 f5 7. d3 Nd7 8. f4 O-O
9. O-O Kh8 10. Be3 Nf6 11. Kh1 fxe4 12. dxe4 Be6 13. Qd3 Nh5 14. Rad1 Qc8 15.
Ng1 Bg4 16. Rd2 Rf7 17. b3 Qg8 18. Rdf2 Raf8 19. Nge2 exf4 20. gxf4 Bf6 21. Ng3
Qg7 22. Nxh5 Bxh5 23. Ne2 Nc6 24. Qd2 Bg4 25. Rg1 Bh4 26. Rff1 Qh6 27. f5 g5
28. Bf3 Bxf3+ 29. Rxf3 Qh5 30. Rff1 h6 31. Nd4 Nxd4 32. Bxd4+ Kh7 33. Qd3 g4
34. e5 dxe5 35. Bxe5 Bf6 36. Bf4 Rd8 37. Qc2 Re8 38. Rg2 Qh3 39. Rfg1 Qf3 40.
Bg3 h5 41. Qd1 h4 42. Bf2 Re2 43. Qd5 Qxd5 44. cxd5 h3 45. Rxg4 Rxf2 46. R4g3
Rg7 47. Rxh3+ Kg8 48. a3 Rxg1+ 49. Kxg1 Bd4 50. Kh1 Rxf5 51. Rg3+ Kf7 52. Rd3
Rxd5 53. Kg2 c5 54. Kf3 Re5 55. Kg3 Ke6 56. Kf4 Kd5 57. Rf3 Re4+ 58. Kg5 Ke6
59. Rf8 Re3 60. b4 Rh3 61. Rb8 0-1

[Event "Hastings Masters"]
[Site "?"]
[Date "2010.01.04"]
[Round "8.41"]
[White "Young, Mel J"]
[Black "McKenna, Jason P"]
[Result "0-1"]
[WhiteElo "1971"]
[BlackElo "2147"]
[PlyCount "62"]
[EventDate "2010.??.??"]
[SourceDate "2010.01.04"]

1. e4 g6 2. f4 Bg7 3. Nc3 d6 4. Nf3 c5 5. Bc4 Nc6 6. O-O e6 7. f5 exf5 8. d3
Nge7 9. Qe1 Ne5 10. Nxe5 Bxe5 11. Qh4 h6 12. exf5 Bxf5 13. Ne4 Nc6 14. Qe1 Qe7
15. c3 O-O-O 16. Bd5 Rde8 17. Qd1 Nd8 18. Qa4 Kb8 19. Bd2 Bd7 20. Qb3 f5 21.
Nf2 Bc6 22. Rae1 Qh4 23. g3 Qh5 24. d4 cxd4 25. cxd4 Bxd4 26. Rxe8 Rxe8 27.
Bxc6 Nxc6 28. Qf7 Re7 29. Qf8+ Kc7 30. Bf4 Qf3 31. Bd2 Re2 0-1

[Event "Hastings Masters"]
[Site "?"]
[Date "2010.01.04"]
[Round "8.43"]
[White "Campbell, Eoin"]
[Black "Muheim, Sebastien"]
[Result "1/2-1/2"]
[WhiteElo "1910"]
[BlackElo "2040"]
[PlyCount "51"]
[EventDate "2010.??.??"]
[SourceDate "2010.01.04"]

1. Nf3 f5 2. c4 Nf6 3. g3 g6 4. Bg2 Bg7 5. O-O O-O 6. Nc3 d6 7. d4 Qe8 8. d5 a5
9. Rb1 Na6 10. b3 Bd7 11. Bb2 c6 12. dxc6 bxc6 13. Na4 Ne4 14. Nb6 Rd8 15. Nxd7
Qxd7 16. Nd2 Nf6 17. Bh3 Qc7 18. e4 fxe4 19. Bxf6 exf6 20. Nxe4 d5 21. cxd5
cxd5 22. Rc1 Qb6 23. Nc3 d4 24. Na4 Qd6 25. Bg2 Rc8 26. Qd2 1/2-1/2

[Event "Hastings Masters"]
[Site "?"]
[Date "2010.01.04"]
[Round "8.45"]
[White "Yurenok, Maria S"]
[Black "Doran, Chris"]
[Result "1-0"]
[WhiteElo "1968"]
[BlackElo "1963"]
[PlyCount "85"]
[EventDate "2010.??.??"]
[SourceDate "2010.01.04"]

1. c4 Nf6 2. Nc3 g6 3. g3 Bg7 4. Bg2 O-O 5. e4 d6 6. Nge2 e5 7. O-O Nc6 8. d3
Nh5 9. Rb1 a5 10. Be3 Be6 11. Qd2 f5 12. Nd5 Qd7 13. b3 Nf6 14. Bg5 Rf7 15. a3
Raf8 16. b4 axb4 17. axb4 fxe4 18. dxe4 Bh3 19. Bxf6 Bxf6 20. b5 Ne7 21. Bxh3
Qxh3 22. Nxc7 Qg4 23. f3 Bg5 24. fxg4 Bxd2 25. Rxf7 Rxf7 26. Rf1 Rxf1+ 27. Kxf1
Kf7 28. Ng1 h6 29. Ke2 Ba5 30. Nd5 Nxd5 31. cxd5 Bb6 32. Nf3 Kf6 33. h4 g5 34.
h5 Ba5 35. Kd3 Ke7 36. Kc4 Bb6 37. Kb4 Bf2 38. Ka5 Kf6 39. Nd2 Be1 40. Kb6 Bxd2
41. Kxb7 Ke7 42. b6 Ba5 43. Ka6 1-0

[Event "Hastings Masters"]
[Site "?"]
[Date "2010.01.04"]
[Round "8.46"]
[White "Macrae, James S"]
[Black "Calvert, D Ian"]
[Result "0-1"]
[WhiteElo "1753"]
[BlackElo "2070"]
[PlyCount "64"]
[EventDate "2010.??.??"]
[SourceDate "2010.01.04"]

1. d4 d5 2. Nf3 Nf6 3. Bg5 Ne4 4. Bf4 c5 5. e3 Nc6 6. c3 Qb6 7. Qc1 Bf5 8. Nbd2
e6 9. Be2 Be7 10. O-O O-O 11. Nxe4 Bxe4 12. Rd1 Rfc8 13. dxc5 Bxc5 14. Bd3 Bxd3
15. Rxd3 Be7 16. Rd1 Bf6 17. Bg5 Bxg5 18. Nxg5 h6 19. Nf3 Qc7 20. Qd2 b5 21.
Nd4 Nxd4 22. exd4 a5 23. Rf1 Rab8 24. Rad1 Qb6 25. f4 b4 26. Rf2 Rc6 27. Qd3
Rbc8 28. Rf3 bxc3 29. bxc3 f5 30. Qd2 a4 31. Re3 a3 32. Qc1 Qa6 {remaining
moves illegible} 0-1

[Event "Hastings Masters"]
[Site "?"]
[Date "2010.01.04"]
[Round "8.47"]
[White "Safarian, Alek"]
[Black "Dean, Michael"]
[Result "1-0"]
[WhiteElo "2018"]
[BlackElo "1718"]
[PlyCount "29"]
[EventDate "2010.??.??"]
[SourceDate "2010.01.04"]

1. d4 Nf6 2. c4 e5 3. d5 Bb4+ 4. Bd2 Bxd2+ 5. Qxd2 d6 6. Nc3 Bf5 7. g3 O-O 8.
Bg2 Nbd7 9. e4 Bg6 10. Nge2 Nh5 11. O-O-O f5 12. f3 fxe4 13. Nxe4 Bxe4 14. fxe4
Rf2 15. Bh3 {remaining moves illegible} 1-0

[Event "Hastings Masters"]
[Site "?"]
[Date "2010.01.04"]
[Round "8.49"]
[White "Cumming, Rhys"]
[Black "Haria, Ravi"]
[Result "0-1"]
[WhiteElo "1969"]
[BlackElo "1840"]
[PlyCount "66"]
[EventDate "2010.??.??"]
[SourceDate "2010.01.04"]

1. e4 e6 2. d4 d5 3. e5 c5 4. c3 Qb6 5. Nf3 Nc6 6. Be2 cxd4 7. cxd4 Nge7 8. Na3
Nf5 9. Nc2 Bb4+ 10. Bd2 Bxd2+ 11. Qxd2 Qxb2 12. O-O Qb6 13. Bd3 O-O 14. Rfe1
Qd8 15. Rab1 b6 16. Qf4 Nce7 17. Ne3 Ng6 18. Qg4 h5 19. Qxh5 Nf4 20. Qg4 Nxd3
21. Red1 Nh6 22. Qg3 Ba6 23. Ng5 Qe7 24. Qh4 f6 25. exf6 Qxf6 26. Ng4 Qg6 27.
Ne5 Nxe5 28. dxe5 Be2 29. Rdc1 Nf5 30. Qf4 Bc4 31. h4 Ne7 32. Qg4 Qf5 33. Qxf5
Rxf5 0-1

[Event "Hastings Masters"]
[Site "?"]
[Date "2010.01.04"]
[Round "8.50"]
[White "Devoille, Hugo"]
[Black "Moore, Gillian A"]
[Result "1-0"]
[WhiteElo "1691"]
[BlackElo "1902"]
[PlyCount "55"]
[EventDate "2010.??.??"]
[SourceDate "2010.01.04"]

1. e4 Nf6 2. e5 Nd5 3. d4 d6 4. Nf3 dxe5 5. Nxe5 c6 6. Bc4 Nd7 7. O-O Nxe5 8.
dxe5 Bf5 9. a3 e6 10. Qe2 a5 11. f4 Bc5+ 12. Kh1 h5 13. h3 Rh6 14. Bd3 Ne7 15.
Be3 Bxd3 16. cxd3 Nf5 17. Bf2 Bxf2 18. Qxf2 Qxd3 19. Re1 Nd4 20. Nc3 c5 21.
Rad1 Qa6 22. Ne4 h4 23. Nd6+ Kf8 24. b4 Qc6 25. bxc5 Nb3 26. f5 Nxc5 27. fxe6
Nxe6 28. Qxf7# 1-0